Technologická textúra v keramických materiáloch : Diplomová práca

Saved in:
Bibliographic Details
Main Author: Kopková, Anna (Author)
Other Authors: Kozík, Tomáš (xxx)
Format: Manuscript Book
Language:Slovak
Published: Trnava : STU v Bratislave MtF KMI, 2002
Subjects:
Tags: Add Tag
No Tags, Be the first to tag this record!

MARC

LEADER 00000ntm a22000003a 4500
001 stu76484
005 20160719155035.4
008 020708s2002----xo------------------slo-d
040 |a STU  |b slo 
041 0 |a slo 
044 |a xo 
100 1 |a Kopková, Anna  |4 aut 
245 1 |a Technologická textúra v keramických materiáloch :  |b Diplomová práca 
260 |a Trnava :  |b STU v Bratislave MtF KMI,  |c 2002 
300 |a 69 s  |c abstr. + príl. 
650 7 |a technologické textúry  |2 stusub 
650 7 |a keramické materiály  |2 stusub 
650 7 |a kovové a nekovové materiály  |2 stusub 
700 1 |a Kozík, Tomáš  |4 xxx